Once a house, always a house? (Record no. 79898)
[ view plain ]
| 000 -LEADER | |
|---|---|
| fixed length control field | 01286cab a22002175a 4500 |
| 001 - CONTROL NUMBER | |
| control field | L142658 |
| 008 - FIXED-LENGTH DATA ELEMENTS--GENERAL INFORMATION | |
| fixed length control field | 080227e20080219xxk f 000 0 eng d |
| 035 ## - SYSTEM CONTROL NUMBER | |
| System control number | (Sirsi) u142658 |
| 041 0# - LANGUAGE CODE | |
| Language code of text/sound track or separate title | eng |
| 100 1# - MAIN ENTRY--PERSONAL NAME | |
| Personal name | Greenish, Damian |
| 245 00 - TITLE STATEMENT | |
| Title | Once a house, always a house? |
| 260 ## - PUBLICATION, DISTRIBUTION, ETC. | |
| Date of publication, distribution, etc. | 2008 |
| 490 ## - SERIES STATEMENT | |
| Series statement | Solicitors' Journal |
| Volume/sequential designation | 152(7) 19 February 2008, 18-20(2) |
| 520 ## - SUMMARY, ETC. | |
| Summary, etc. | Considers how the case of Boss Holdings v Grosvenor West End Properties and others (L142656) will affect future leasehold enfranchisements. Reviews previous cases addressing the definition of a house. Explains the Boss judgment that the building's original purpose is the deciding factor. There is no requirement that a house be currently suitable for habitation. Considers the surprising conclusion, based on language in the Leasehold Reform Act 1967, that a building is a house even if subsequently adapted for another use. Argues that some buildings which would not have originally been intended now fall within scope of the Act. |
| 590 ## - LOCAL NOTE (RLIN) | |
| Local note | KA |
| 650 24 - SUBJECT ADDED ENTRY--TOPICAL TERM | |
| Topical term or geographic name entry element | BOSS HOLDINGS LTD V GROSVENOR WEST END PROPERTIES LTD AND ANOTHER |
| 650 24 - SUBJECT ADDED ENTRY--TOPICAL TERM | |
| Topical term or geographic name entry element | LEASEHOLD REFORM ACT 1967 S2(1) |
| 651 #4 - SUBJECT ADDED ENTRY--GEOGRAPHIC NAME | |
| Geographic name | England and Wales |
| Chronological subdivision | 1543- |
| 690 ## - LOCAL SUBJECT ADDED ENTRY--TOPICAL TERM (OCLC, RLIN) | |
| Topical term or geographic name as entry element | PROPERTY-LANDLORD AND TENANT-LEASES-LEASEHOLD ENFRANCHISEMENT |
| 942 ## - ADDED ENTRY ELEMENTS (KOHA) | |
| Suppress in OPAC | 0 |
| Withdrawn status | Lost status | Source of classification or shelving scheme | Damaged status | Not for loan | Home library | Current library | Shelving location | Date acquired | Total Checkouts | Full call number | Barcode | Date last seen | Copy number | Price effective from | Koha item type |
|---|---|---|---|---|---|---|---|---|---|---|---|---|---|---|---|
| Dewey Decimal Classification | London | London | Journal article | 27/02/2008 | L142658 | 142658-1001 | 06/08/2019 | 1 | 06/08/2019 | Journal article |